| 000 | 01088nam a22002897a 4500 | ||
|---|---|---|---|
| 001 | 000456 | ||
| 003 | DO-SdBNP | ||
| 005 | 20240705123401.0 | ||
| 007 | 000456 | ||
| 008 | 160901b2003 mx|| 00| 0 spa d | ||
| 020 | _a9681911865 | ||
| 040 |
_aBPMSU _bspa _cBPMSU |
||
| 082 | 4 |
_a110 _bC591m 2003 _222 |
|
| 092 |
_axxxxx _bxxxxx |
||
| 100 | 1 |
_aProphet, Elizabeth Clare _d1898-1979. |
|
| 245 | 1 | 4 |
_aLos maestros ascendidos : _blas enseñanzas a través de la voz profética de su mensajera / _cElizabeth Clare Prophet ; traduccion Tziviah Aguilar y Alma Alexandra García. _8 |
| 246 | 1 | 4 |
_aLos maestros ascendidos _bconozca las enseñanzas de estos grandes iluminados a travéz de la voz de mensajera |
| 260 |
_aMexico : _bAlamah Espiritualidad, _c2003 |
||
| 300 |
_a483 p. ; _b19 cm. |
||
| 500 | _aIncluye datos del autor | ||
| 590 | _aInventariado, 2024/VM | ||
| 650 | 4 | _a Valores (Filosofía) Espiritualidad Metafísica | |
| 700 | 1 |
_aAguilar, Tziviah, _etraductor |
|
| 700 | 1 | 2 |
_aGarcía, Alma Alexandra, _etr. |
| 910 | _aVMateo V. Control de calidad. BPMSU | ||
| 942 |
_2ddc _cBK |
||
| 999 |
_c11267 _d11267 |
||